Statystyki dla Stany USA w Kalendarzu IndyCar 2024

Kliknij tutaj aby rozwiązać quiz!

Ogólne statystyki

  • Ten quiz został rozwiązany 5 razy
  • Średni wynik to 9 z 15

Statystyki odpowiedzi

RundaStan% Poprawnych
1Floryda
100%
#Kalifornia
100%
2Kalifornia
100%
8Kalifornia
100%
13Illinois
75%
3Alabama
50%
4-5Indiana
50%
10-11Iowa
50%
6Michigan
50%
9Ohio
50%
14Oregon
50%
12Ontario
25%
7Wisconsin
25%
15-16Wisconsin
25%
17Tennessee
0%

Rozkład punktacji

Percentyl według liczby udzielonych odpowiedzi

Procent ludzi z każdym wynikiem

Twoja historia wyników

Nie rozwiązałeś tego quizu